MARC

LEADER 00000nam0a2200000 4500
001 43375
005 20231031020205.0
035 |a (RuTPU)RU\TPU\book\44854 
090 |a 43375 
100 |a 20021008d1971 m y0rusy50 ca 
101 0 |a rus 
102 |a RU 
105 |a a j 001zy 
200 1 |a Электронная оптика и электроннолучевые приборы  |e учебник  |f Л. Г. Шерстнев 
210 |a Москва  |c Энергия  |d 1971 
215 |a 367 с.  |c ил. 
320 |a Библиогр.: с. 357-361. 
610 1 |a физика 
610 1 |a электронная оптика 
610 1 |a электроны 
610 1 |a движение 
610 1 |a электронные линзы 
610 1 |a аберрация 
610 1 |a интенсивные пучки 
610 1 |a электронные пушки 
610 1 |a фокусирующие устройства 
610 1 |a люминесцирующие экраны 
610 1 |a кинескопы 
610 1 |a телевизионные трубки 
610 1 |a изображения 
610 1 |a усилители яркости 
610 1 |a потенциалоскопы 
610 1 |a электронные микроскопы 
610 1 |a электроннолучевые коммутаторы 
610 1 |a учебники 
675 |a 537.1:535(075.8)  |v 3 
675 |a 621.385.112(075.8)  |v 3 
700 1 |a Шерстнев  |b Л. Г.  |g Лев Гаврилович 
801 1 |a RU  |b 63413507  |c 20021008  |g PSBO 
801 2 |a RU  |b 63413507  |c 20200914  |g PSBO 
942 |c BK